00270pab a2200121 454500008004000000100001500040245002900055260000900084300001300093362001100106650001600117773001500133180718b2010 xxu||||| |||| 00| 0 eng d aGeorge, J. aSurge in food insecurity c2010 ap.21-25. a27 Nov aFood supply aMainstream